Movies Quiz

Random Movies or Sporcle Quiz

Most Guessed Movies per Actor Quiz Stats

 Plays Quiz Updated Feb 3, 2019

Support Sporcle.
Go Orange.
Score 0/60 Timer 10:00
3 Plays Today
Actor Most Guessed Movie % Correct
Leonardo DiCaprioTitanic
82%
Arnold SchwarzeneggerThe Terminator
80.3%
Sylvester StalloneRocky
78.1%
Bruce WillisDie Hard
75.1%
Johnny DeppPirates of the Caribbean: The Curse of the Black Pearl
73.9%
Michael J. FoxBack to the Future
72.9%
Robert Downey Jr.Iron Man
72.8%
Russell CroweGladiator
69.7%
Hugh JackmanX-Men
67.3%
Zach GalifianakisThe Hangover
67.2%
Harrison FordStar Wars
67.1%
Uma ThurmanKill Bill: Vol. 1
66.5%
Julia RobertsPretty Woman
66.5%
Tom HanksForrest Gump
65.7%
Al PacinoThe Godfather
65.2%
John TravoltaGrease
65%
Christian BaleThe Dark Knight
64.3%
Will SmithMen in Black
64.3%
Jack BlackSchool of Rock
63.1%
George ClooneyOcean's Eleven
62.7%
Julie AndrewsThe Sound of Music
61.1%
Tom CruiseMission: Impossible
59.9%
Edward NortonFight Club
58.9%
Mel GibsonBraveheart
56.7%
Ben AffleckGood Will Hunting
56.4%
Jim CarreyAce Ventura: Pet Detective
56.4%
Samuel L. JacksonThe Avengers
56.2%
Jodie FosterThe Silence of the Lambs
54.4%
Matt DamonThe Bourne Identity
54.3%
Drew BarrymoreE.T.: The Extra-Terrestrial
54.2%
Actor Most Guessed Movie % Correct
Adam SandlerHappy Gilmore
54.1%
Jack NicholsonThe Shining
53.8%
Bill MurrayGhostbusters
52.9%
Angelina JolieLara Croft: Tomb Raider
52.8%
Kevin BaconFootloose
51.1%
Will FerrellAnchorman 2: The Legend Continues
49.9%
Clint EastwoodDirty Harry
48.2%
Kevin SpaceyAmerican Beauty
47.9%
Ben StillerMeet the Parents/Meet the Fockers (tied)
45.9%
Vince VaughnWedding Crashers
45.9%
Marilyn MonroeSome Like It Hot
44.2%
Eddie MurphyBeverly Hills Cop
44.2%
Jake GyllenhaalBrokeback Mountain
44.2%
Robin WilliamsNight at the Museum: Secret of the Tomb
42.9%
Jimmy StewartIt's a Wonderful Life
39.2%
Sandra Bullock Miss Congeniality
38.9%
Chris FarleyTommy Boy
37.8%
Nicolas CageNational Treasure
37%
Kevin CostnerField of Dreams
33.3%
Daniel Day-LewisLincoln
33.2%
Denzel WashingtonTraining Day
32.3%
Brad Pitt12 Years a Slave
32.2%
John WayneTrue Grit
30.5%
Meryl StreepThe Devil Wears Prada
29.4%
Nicole KidmanMoulin Rouge!
24%
Hugh GrantLove Actually
21.1%
Steve CarellEvan Almighty
20.3%
Cary GrantNorth by Northwest
17.7%
Jennifer AnistonAlong Came Polly
15.7%
Steve MartinThe Pink Panther
14.2%

From the Vault

'The Fresh Prince of Bel-Air' Characters

by SporcleEXP

Bel-Air isn't normally as fresh as regular air. Keep that in mind.
Remove Ads.
Support Sporcle.
Get the best of Sporcle when you Go Orange. This ad-free experience offers more features, more stats, and more fun while also helping to support Sporcle. Thank you for becoming a member.

Show Comments

Extras

Top Quizzes Today


Score Distribution

Your Account Isn't Verified!

In order to create a playlist on Sporcle, you need to verify the email address you used during registration. Go to your Sporcle Settings to finish the process.

Report this User

Report this user for behavior that violates our Community Guidelines.

Details: